| 000 | 00673nam a2200193 i 4500 | ||
|---|---|---|---|
| 001 | 67836 | ||
| 003 | ES-MaACL | ||
| 005 | 20250806065629.0 | ||
| 007 | t| | ||
| 008 | 040206s1924 sp ||||1| spa d | ||
| 100 | 1 |
_aGallego, Abelardo. _953525 |
|
| 245 | 1 | 0 |
_aModificaciones de C. Biot y de Könrich para la coloración del bacilo de Koch en los tejidos / _cAbelardo Gallego. |
| 260 |
_a[S.l. : _bs.n., _c1924] |
||
| 300 |
_a4 h. ; _c24 cm. |
||
| 500 | _aEs Separata del: Boletín de la Sociedad Española de Biología, V. XI, Fasc. I-1924, P. 13-20. | ||
| 650 | 7 |
_aMycobacterium tuberculosis _2embne _9156808 |
|
| 852 |
_aES-MaACL _j1600-F-8 |
||
| 999 |
_c67836 _d67836 |
||